• 首页
  • 本馆介绍
  • 公告通知
  • 最新文献
  • 馆藏检索
  • 电子资源
  • 读者导购
  • 参考咨询
  • 我的图书馆
  • 登录
  • 详细信息显示
  • 放入我的书架
  • 预约/预借图书
  • 作者相关作品
  • 分类相关作品
  • 丛书相关作品
  • 出版社相关作品

书目信息

  • 表格格式
  • 工作单格式
  • 卡片格式
题名:
物质发展史
    
 
作者: 山东省供销职工大学马列主义教研室 编
分册:   辩证唯物主义
出版信息:    
页数: 341页
开本: 19cm
丛书名:
单 册:
中图分类: B021
科图分类:
主题词: 辩证唯物主义
电子资源:
ISBN:
000 00673nam0 2200181 450
001 0656391640
005 20060812173615.84
010    @dCNY1.30
100    @a20060719d km y0chiy0120 ea
101 0  @achi
200 1  @a物质发展史@i辩证唯物主义@Awu zhi fa zhan shi@f山东省供销职工大学马列主义教研室编@Fshan dong sheng gong xiao zhi gong da xue ma lie zhu yi jiao yan shi bian
215    @a341页@d19cm
517 1  @a辩证唯物主义@Abian zheng wei wu zhu yi
606 0  @a辩证唯物主义
690    @aB021@v3
701  0 @a山东省供销职工大学马列主义教研室@Ashan dong sheng gong xiao zhi gong da xue ma lie zhu yi jiao yan shi@4编
801  0 @aCN@bPFT@c20060812
905    @a10447@dB021@e82
    
    物质发展史.辩证唯物主义/山东省供销职工大学马列主义教研室编
    341页;19cm
    
    
    ISBN :CNY1.30
    
●
相关链接 在E读中查询图书 在五车中查询图书 在当当中查询图书 在豆瓣中查询图书


正题名:物质发展史     索取号:B021/82         预约/预借

序号 登录号 条形码 馆藏地/架位号 状态 备注
1 0424524   204245245   密集书库/ [索取号:B021/82] 在馆    
2 0440208   204402084   密集书库/ [索取号:B021/82] 在馆    
3 0440209   204402093   密集书库/ [索取号:B021/82] 在馆    
4 0440210   204402100   密集书库/ [索取号:B021/82] 在馆    
5 0440400   204404000   密集书库/ [索取号:B021/82] 在馆    
6 0459024   204590246   密集书库/ [索取号:B021/82] 在馆    
唐山师范学院图书馆 欢迎您!
大连网信软件有限公司© 版权所有